• 首页
  • 本馆介绍
  • 公告通知
  • 最新文献
  • 馆藏检索
  • 电子资源
  • 读者导购
  • 参考咨询
  • 我的图书馆
  • 登录
  • 详细信息显示
  • 放入我的书架
  • 预约/预借图书
  • 作者相关作品
  • 分类相关作品
  • 丛书相关作品
  • 出版社相关作品

书目信息

  • 表格格式
  • 工作单格式
  • 卡片格式
书名: Style in fiction
作者: Geoffrey N. Leech, Michael H. Short.
分册号:
分册名:
出版地: London ;
 
出版社: Longman
出版时间: 1981.
页数: xiii, 402 p. ;
开本: 22 cm.
丛书名: English language series
中图分类号:
科图分类号:
其他分类号: H315
主题词:
电子资源:
000 01098nam 2200337 a 4504
001 E0730663800
003 OCoLC
005 20070301083123.17
008 030307s1981 enk b 001 0 eng
010    @a79041568
015    @aGB***
020    @a0582291038 (pbk.) :@cCNY0.95.
040    @aDLC@cDLC@dm/c
043    @ae-uk---@an-us---
050 00 @aPR826@b.L4
082    @a823/.009 @2 19
090    @aK550.15/W22
090    @aH315
099    @dH315@ex60
100 1  @aLeech, Geoffrey N.
245 10 @aStyle in fiction :@ba linguistic introduction to English fictional prose / @cGeoffrey N. Leech, Michael H. Short.
260    @aLondon ;@aNew York :@bLongman,@c1981.
300    @axiii, 402 p. ;@c22 cm.
440  0 @aEnglish language series ;@v13.
500    @aIncludes indexes.
504    @aBibliography: p. [387]-393.
650  0 @aAmerican fiction@xHistory and criticism.
650  0 @aEnglish fiction@xHistory and criticism.
650  0 @aEnglish language@xStyle.
650  0 @aFiction@xTechnique.
700 0  @aShort, Michael H.
    
    Style in fiction : : a linguistic introduction to English fictional prose / / Geoffrey N. Leech, Michael H. Short.-London ; ; New York : : Longman, , 1981.
    xiii, 402 p. ; ; 22 cm.- (English language series ; 13. )
    Includes indexes.-Bibliography: p. [387]-393.
    
    ISBN 0582291038 (pbk.) :CNY0.95.
    
●
相关链接 在E读中查询图书 在五车中查询图书 在当当中查询图书 在豆瓣中查询图书


正题名:Style in fiction     索取号:H315/x60         预约/预借

序号 登录号 条形码 馆藏地/架位号 状态 备注
1 129119   001042883   第四借阅区/ [索取号:H315/x60] 在馆    
2 129120   001042927   第四借阅区/ [索取号:H315/x60] 在馆    
3 129121   001042847   第四借阅区/ [索取号:H315/x60] 在馆    
4 129122   001042801   第四借阅区/ [索取号:H315/x60] 在馆    
5 129123   001042963   第二样本阅览室/ [索取号:H315/x60] 在馆    
唐山师范学院图书馆 欢迎您!
大连网信软件有限公司© 版权所有